| 000 | 00736cam a22002411 4500 | ||
|---|---|---|---|
| 001 | z 01000192 | ||
| 003 | DLC | ||
| 005 | 20260227112813.0 | ||
| 008 | 890330s1899 cau b 000 0 eng | ||
| 010 | _az 01000192 | ||
| 035 | _a(OCoLC)19479910 | ||
| 040 |
_aDLC _cViW _dViW _dDLC |
||
| 042 | _apremarc | ||
| 050 | 0 | 0 |
_aZ5873 _b.B15 |
| 100 | 1 |
_aBailey, Thomas Pearce, _d1867-1949. |
|
| 245 | 1 | 0 |
_aBibliographical references in ethology, _cby Thomas P. Bailey, Jr. ... |
| 260 |
_aBerkeley, _bThe University Press, _c1899. |
||
| 300 |
_a25 p. _c23 cm. |
||
| 490 | 0 |
_aUniversity of California. Library bulletin _vno. 13 |
|
| 500 | _aPage 25 printed on inside of cover. | ||
| 650 | 0 | _aCharacter. | |
| 650 | 0 |
_aEducation _vBibliography. |
|
| 999 |
_c92435 _d92435 |
||